| 000 | 01957nam a2200313 4500 | ||
|---|---|---|---|
| 001 | 0000023649 | ||
| 003 | CO-CtgCURN | ||
| 005 | 20250331185226.0 | ||
| 007 | ta | ||
| 008 | 160627s2008 000 0 eng d | ||
| 020 | _a9788536700847 | ||
| 040 |
_aCO-CtgCURN _bspa _ccoctgcurn |
||
| 082 | 0 |
_a617.632 _bN964 |
|
| 245 | 0 | 0 |
_aNuevas tendencias 4 : _bperiodoncia / _cMarco Antonio Bottino, Organizador , Traducción de : María Cibele G., y Pellizzari Alonso. |
| 260 |
_aBrasil : _bArtes Medicas, _c2008. |
||
| 300 | _axii; 308 p. : il, color. | ||
| 336 | _2rdacontent | ||
| 337 |
_2rdamedia _asin mediacion _bn |
||
| 338 |
_2rdacarrier _avolumen _bnc |
||
| 505 | 8 | _aDiagnostico y tratamiento de las periodontitis agresivas -- Tratamiento de la enfermedad periodontal -- Infección periodontal -- Marcadores inflamatorios en pacientes con enfermedad periodontal -- Bases racionales para indicacion de antimicrobianos locales y sistemicos en periodoncia -- Evolucion de las cirugias periodontales : nueva propuesta qururgica estetica -- Regeneracion osea -- El universo de las cirugias periodontales con relacion a las demas especialidades odontologicas -- El uso del derivado de la matriz del esmalte en recesiones gingivales -- Cirugias plasticas periodontales -- Corrección de la sonrisa gingival -- Interrelacion periodoncia - implante - protesis -- Manipulacion de tejido blando alrededor de implantes -- Tecnicas quirurgicas para regeneracion osea facilitando la instalacion de implantes -- Interrelacion periodoncia | |
| 534 | _aTitulo original : Novas tendencias : periodontia. | ||
| 546 | _aIdioma del titulo original : Portugues. | ||
| 650 | 1 | 4 | _aEnfermedades periodontales. |
| 700 | 1 | _aBottino, Marco Antonio, Organizador. | |
| 908 | _a160627 | ||
| 942 |
_cBK _h617.632 _iN964 _2ddc |
||
| 999 |
_c23340 _d23340 |
||